000 00710nam a2200253Ia 4500
003 OSt
005 20220927105733.0
006 a|||||r|||| 00| 0
007 ta
008 220926b |||||||| |||| 00| 0 eng d
020 _a8179751473
024 _a203668
037 _cReference Collections
040 _aRTL
_cRTL
_beng
041 _2eng
_aeng
082 _a"X64.2.P, P6"
100 _aSHAHANI Rakesh
_9374572
245 0 _aFinancial markets in India
260 _aNew
_b"Delhi, Anamika Publishers, "
_c2006
300 _a451p
_ccm.
500 _aBibliography chapterwise
942 _h"X64.2.P, P6"
_cCC
999 _c694243
_d694243